000 00909nam a22003137a 4500
003 CHAP
005 20220329143747.0
008 110719s1975 mx r 00010 spa d
010 _a101544
011 _a102516
035 _a113205
040 _cCHAP
082 0 4 _a823
_bH98 1975
100 0 0 _aHuxley, Aldous.
_957051
245 1 3 _aUn mundo felíz
_c/por Aldous Huxley
250 _a9 ed.
260 _aMéxico, D.F. :
_bDIANA,
_c1975
300 _a253 p.
590 _aBATCH-UPD
_b10
_c20130110
_lUCH01
_h0856
590 _aBATCH-UPD
_b10
_c20130410
_lUCH01
_h0526
590 _aBATCH-UPD
_b10
_c20130914
_lUCH01
_h0933
590 _aCONVERSION
_b10
_c20130109
_lUCH01
_h1356
650 1 4 _aCiencia ficción.
_923145
650 1 4 _aLiteratura.
_967113
650 1 4 _aNovela inglesa.
_982023
901 _aBK
942 _cLIBRO
949 _a823 H98 1975
_bBC
_cLIBRO
_d33724002243025
_eLIBRO
_h115262
_i113205
_si
999 _c101544
_d101544